Ripley's believe it or not! eye-popping oddities / (Record no. 295559)
[ view plain ]
| 000 -LEADER | |
|---|---|
| fixed length control field | 00678cam a22002295i 4500 |
| 001 - CONTROL NUMBER | |
| control field | 18460798 |
| 003 - CONTROL NUMBER IDENTIFIER | |
| control field | PILC |
| 005 - DATE AND TIME OF LATEST TRANSACTION | |
| control field | 20160601105405.0 |
| 008 - FIXED-LENGTH DATA ELEMENTS--GENERAL INFORMATION | |
| fixed length control field | 150123s2015 flu 000 0 eng |
| 010 ## - LIBRARY OF CONGRESS CONTROL NUMBER | |
| LC control number | 2015931711 |
| 020 ## - INTERNATIONAL STANDARD BOOK NUMBER | |
| International Standard Book Number | 9781609911362 |
| 040 ## - CATALOGING SOURCE | |
| Original cataloging agency | DLC |
| Language of cataloging | eng |
| Description conventions | rda |
| Transcribing agency | DLC |
| 042 ## - AUTHENTICATION CODE | |
| Authentication code | pcc |
| 050 ## - LIBRARY OF CONGRESS CALL NUMBER | |
| Classification number | AG 243 |
| Item number | .R592 2015 |
| 100 1# - MAIN ENTRY--PERSONAL NAME | |
| Personal name | Tibballs, Geoff. |
| 245 10 - TITLE STATEMENT | |
| Title | Ripley's believe it or not! eye-popping oddities / |
| Statement of responsibility, etc | Geoff Tibballs. |
| 263 ## - PROJECTED PUBLICATION DATE | |
| Projected publication date | 1509 |
| 300 ## - PHYSICAL DESCRIPTION | |
| Extent | 253 pages : |
| Other physical details | color illustrations ; |
| Dimensions | 29 cm. |
| 906 ## - LOCAL DATA ELEMENT F, LDF (RLIN) | |
| a | 0 |
| b | ibc |
| c | orignew |
| d | 2 |
| e | epcn |
| f | 20 |
| g | y-gencatlg |
| 942 ## - ADDED ENTRY ELEMENTS (KOHA) | |
| Source of classification or shelving scheme | Library of Congress Classification |
| Koha item type | Books |
| Withdrawn status | Lost status | Source of classification or shelving scheme | Damaged status | Home library | Current library | Shelving location | Date acquired | Source of acquisition | Cost, normal purchase price | Sub Shelving location | Total Checkouts | Full call number | Barcode | Date last seen | Price effective from | Koha item type |
|---|---|---|---|---|---|---|---|---|---|---|---|---|---|---|---|---|
| Library of Congress Classification | College Library | College Library | Reference Section | 06/01/2016 | Library Fund | 965.00 | AG 243 .R592 2015 | C20557 | 05/15/2018 | 06/01/2016 | Books |